|
|
|
|
| LEADER |
01093nam a2200253 a 4500 |
| 001 |
GR-MES4209 |
| 008 |
991111s gr 000 0 gre d |
| 020 |
|
|
|a 9602861509
|
| 040 |
|
|
|a GrPaTEI
|b gre
|c GR-PaULI
|
| 245 |
0 |
0 |
|a Κοινοτική εργασία :
|b Θεώρια και πράξη.
|
| 250 |
|
|
|a 3η
|
| 260 |
|
|
|a Αθήνα :
|b Ελλην,
|c c1995
|
| 300 |
|
|
|a 277σελ.
|
| 500 |
|
|
|a Περιέχει βιβλιογραφία
|
| 650 |
|
4 |
|a ΕΡΓΑΣΙΑ
|
| 650 |
|
4 |
|a ΚΟΙΝΟΤΗΤΕΣ
|
| 650 |
|
4 |
|a ΚΟΙΝΩΝΙΑ
|
| 700 |
1 |
|
|a Σταθόπουλος, Π.
|
| 710 |
0 |
|
|a Ελλην
|
| 942 |
|
|
|2 ddc
|
| 952 |
|
|
|0 0
|1 0
|2 ddc
|4 0
|6 306_360000000000000_ΣΤΑ
|7 0
|9 268873
|a MSLG
|b MSLG
|c BSC
|d 2021-01-17
|e 24
|f 0
|g 0.00
|l 0
|o 306.36 ΣΤΑ
|p 2420000008685
|r 2021-01-17 00:00:00
|t 1
|w 2021-01-17
|y BK15
|x 19991111 0 1
|x GrPaTEI
|
| 952 |
|
|
|0 0
|1 0
|2 ddc
|4 0
|6 306_360000000000000_ΣΤΑ
|7 0
|9 268874
|a MSLG
|b MSLG
|c BSC
|d 2021-01-17
|e 24
|f 0
|g 0.00
|l 0
|o 306.36 ΣΤΑ
|p 2420000009450
|r 2021-01-17 00:00:00
|t 1
|w 2021-01-17
|y BK15
|x 19991111 0 1
|x GrPaTEI
|
| 971 |
|
|
|a .b25752558
|b 16-04-20
|c 13-09-16
|
| 999 |
|
|
|c 154986
|d 154986
|